| 000 | 00382nam a2200133Ia 4500 | ||
|---|---|---|---|
| 001 | 2566 | ||
| 008 | 241024s9999 xx 000 0 und d | ||
| 082 | _aRD/624.7/R426c/2009 | ||
| 100 | _aRepública Dominicana. Secretaría de Estado de Educación | ||
| 245 | 0 | _aCerrando brechas: Oferta educativa y ambiente físico escolar | |
| 260 | _bSanto Domingo | ||
| 590 | _asi | ||
| 999 |
_c8037 _d8037 |
||